Представление документа в формате RUSMARC

ПолеНазваниеЗначение
  Тип записи a
  Библиографический уровень m
001 Контрольный номер RU/SLIB/B/208746513
005 Дата корректировки 20201206204114.6
010 Индекс ISBN __
d Цена 600-00
101 Язык документа 0_
a Язык текста rus
200 Заглавие и сведения об ответственности 1_
a Заглавие Сила тяжести и деформации в земной коре
e Сведения, относящиеся к заглавию пер. с англ.
f Первые сведения об ответственности Рамберг Х.; под ред.: В. В. Белоусова, А. Б. Ефимова
b Общее обозначение материала Текст
210 Выходные данные __
a Место издания М.
c Издательство Недра
d Дата издания 1985
215 Физическое описание __
a Объем 400 с.
606 Тематические рубрики __
a Основная рубрика Геология
606 Тематические рубрики __
a Основная рубрика Геологическая разведка
610 Ключевые слова __
a Ключевые слова сила тяжести; деформации; земная кора
686 Индексы других классификаций __
a Классификационный индекс 26.324
700 Автор _1
a Фамилия Рамберг
b Имя Х.
4 Код отношения 070
801 Источник записи _0
a Страна RU
b Организация Муниципальное бюджетное учреждение культуры "Централизованная библиотечная система" г. Сургут (Центральная городская библиотека им. А. С. Пушкина)
g Правила каталогизации КиК/Михайлова
801 Источник записи _1
a Страна RU
b Организация Муниципальное бюджетное учреждение культуры "Централизованная библиотечная система" г. Сургут (Центральная городская библиотека им. А. С. Пушкина)
g Правила каталогизации КиК/Михайлова
852 Данные о местонахождении __
j Шифр хранения 26.324
c Каталожный индекс 26.324
i Авторский знак Р 21
p Инвентарный номер 59376
901 Тип документа __
t Тип документа m
990 Данные о заказе (DOS) __
j Количество экземпляров (DOS) 1